| 000 | 00000nam 2200000za 4500 |
| 001 | 9.817013 |
| 003 | CaOODSP |
| 005 | 20221107142358 |
| 007 | cr ||||||||||| |
| 008 | 160506s2012 xxc |o f|0| 0 eng d |
| 040 | |aCaOODSP|beng |
| 043 | |an-cn--- |
| 086 | 1 |aPE2-16/2012E-PDF |
| 110 | 1 |aCanada.|bPublic Servants Disclosure Protection Tribunal Canada. |
| 245 | 10|aProcedural guide |h[electronic resource]. |
| 260 | |a[Ottawa] : |bPublic Servants Disclosure Protection Tribunal Canada, |c[2012]. |
| 300 | |aii, 23 p. : |btables, glossary, figs. |
| 500 | |aIssued also in French under title: Guide de procédures. |
| 692 | 07|2gccst|aMethodology |
| 775 | 08|tGuide de procédures |w(CaOODSP)9.817018 |
| 856 | 40|qPDF|s1.79 MB|uhttps://publications.gc.ca/collections/collection_2016/tpfdc-psdptc/PE2-16-2012-eng.pdf |